แสดงรายละเอียดบรรณานุกรม
  กลับหน้าหลัก

Brief Record : Get Marc (ISO 2709) : E-mail record : QR code ปิดหน้าต่าง
E-books : เกี่ยวกับ Collections
LEADER 00000nam 2200000uu 4500
001    213601
003     ULIBM
008    230718s||||||||th 000 0 tha d
020    ^a9780323810302
041    ^aeng
060 04 ^aWY160^bV289e 2023
100 1  ^aVarcarolis, Elizabeth M.
245 10 ^aVarcarolis Essentials of psychiatric mental health nursing :^ba communication approach to evidence-based care /^cElizabeth M. Varcarolis
250    ^a5th ed.
260    ^aSt. Louis, Missouri. :^bElsevier,^cc2023
300    ^axvii, 491 p. :^bill. ;^c26 cm.
504    ^aIncludes bibliographical references and index
650  2 ^aPsychiatric nursing
650  2 ^aEvidence-based medicine
650  2 ^aEvidence-Based Nursing
650  2 ^aNurse-Patient Relations
650  2 ^aNursing Process
650  2 ^aPsychiatric Nursing^xethics
650  2 ^aPsychiatric Nursing^xmethods
999    ^aใช้งานได้ทุกระบบ
รายการนี้ยังไม่มีแท็ก
คุณยังไม่ได้ล็อกอิน คุณสามารถมีกิจกรรมร่วมกับเว็บไซต์ได้ แต่ต้องล็อกอินก่อน ::
  ล็อกอิน
ลำดับที่ ประเภท เลขเรียก สถานที่ สถานะ
1. การพยาบาล (ตำราหลัก)
การพยาบาล (ตำราหลัก)
WY160 V289e 2023 c.1 
  
การพยาบาลจิตเวชและสุขภาพจิต On Shelf
  ขอยืม
Note:จัดซื้อปีงบประมาณ 2566
   [แสดง 1/1 รายการ]

รายการใกล้เคียง
    ผู้แต่ง [Varcarolis, Elizabeth M.]

    หัวเรื่อง [Psychiatric nursing]
    หัวเรื่อง [Evidence-based medicine]
    หัวเรื่อง [Evidence-Based Nursing]
    หัวเรื่อง [Nurse-Patient Relations]
    หัวเรื่อง [Nursing Process]
    หัวเรื่อง [Psychiatric Nursing methods]

BibComment


ยังไม่เคยถูกคอมเมนท์

คอมเมนท์ทรัพยากรรายการนี้
  คอมเมนท์: Varcarolis Essen..
Bib 213601

 
 
 

 Union Library Management : ULibM
Copyright 2026. All Rights Reserved.
скачать бесплатно без регистрации порно красивый секс HD Sex Hindi sex

xxx gou

xxxx

bfxxx

xxxwww

Секса Видео

xxxx

Секса Видео

detube

geilexxx

C99 Shell

worms shell

blod xxx video
Ebony Coed Rihanna Rimes Takes A Dick In Her Young Twat priyaa indian fuck anal and pusssy hardcore indian women xxx desi hardcore fucking part 1 bengalixxxcouple